000 00452cam a22001457a 4500
008 180718b1997 xxu||||| |||| 00| 0 eng d
082 _aAPPPA 96-97 RAJ
100 _aRaj, Yashwant
245 _aUgly face of manual scavenging in India
_cby Yashwant Raj
260 _aNew Delhi
_bIndian Institute of Public Administration
_c1997
300 _a111p.
500 _aAn APPPA M.Phil dissertation, 1996-97
650 _aAPPPA
650 _aRagpickers - India
999 _c482116
_d482116